000 01089nam a2200217 i 4500
001 187942
003 ES-MaACL
005 20250930063200.0
008 180328s1927 sp |||| | spa d
100 1 _aTorroja y Miret, José María,
_d1884-1954
_9151755
245 1 0 _aDos congresos científicos celebrados en Berlín :
_bI de Exploración Ártica y II Internacional de Fotogrametría : conferencia pronunciada el día 29 de marzo de 1927.
260 _aMadrid :
_b[s.n.],
_c1927 (
_fBlass)
300 _a30 p. ;
_c23 cm.
490 1 _aConferencias dadas en el Centro de Intercambio Intelectual Germano-Español. Segunda serie ;
_v4
650 4 _aFotogrametría.
_912969
650 4 _aExpediciones científicas-
_zRegiones árticas.
_9137315
710 2 _aCentro de Intercambio Intelectual Germano-Español
_9170812
830 1 0 _aConferencias dadas en el Centro de Intercambio Intelectual Germano-Español.
_pSegunda serie
_v4
_9192934
852 4 _aES-MaACL
_jC-8111(35)
_z- Donat. del Centro de Intercambio Intelectual Germano-Español (Madrid)
999 _c187942
_d187942